[Event "ch-ESP Abierto"]
[Site "Seville ESP"]
[Date "2004.08.16"]
[Round "4"]
[White "Fluvia,J"]
[Black "Saldano,H"]
[Result "0-1"]
[WhiteElo "2346"]
[BlackElo "2474"]

1.e4 c5 2.Nf3 e6 3.d4 cxd4 4.Nxd4 Nc6 5.Nb5 d6 6.c4 Nf6 7.N1c3 a6 8.Na3 Be7
9.Be2 O-O 10.O-O b6 11.Be3 Ne5 12.f4 Ned7 13.Nab1 Bb7 14.Nd2 Nc5 15.e5 dxe5
16.fxe5 Nfe4 17.Ndxe4 Nxe4 18.Qxd8 Raxd8 19.Na4 b5 20.cxb5 axb5 21.Bxb5 Rd5
22.Bc4 Rxe5 23.Rae1 Bc6 24.Nb6 Nf6 25.Kh1 Rd8 26.Bb3 Ng4 27.Nc4 Rh5 28.Bg1 Rd3
29.Bd1 Rh4 30.Rf4 Ne3 31.Bxe3 Rxe3 32.Nxe3 Rxf4 33.Be2 g6 34.Rf1 Re4 35.Bf3 Rxe3
36.Bxc6 Re2 37.Rb1 Bf6 38.Bf3 Rxb2 39.Rxb2 Bxb2 40.a4 Bc3 41.g4 f5 42.gxf5 gxf5
43.Kg2 Kg7 44.Bc6 e5 45.Kf3 Kf6 46.Bb7 Kg5 47.Bd5 Ba5 48.Kg2 Kf4 49.Kf2 Bb6+
50.Kf1 Ke3 51.Bg8 h6 52.h4 f4 53.Bc4 f3 54.h5 e4 55.Bb5 Kf4 56.Ke1 Ba5+  0-1

[Event "Open"]
[Site "Vladimir RUS"]
[Date "2004.08.19"]
[Round "2"]
[White "Kotov,Vi"]
[Black "Tunik,G"]
[Result "1/2-1/2"]
[WhiteElo "2332"]
[BlackElo "2505"]

1.e4 c5 2.Nf3 e6 3.d4 cxd4 4.Nxd4 Nc6 5.Nb5 d6 6.c4 Nf6 7.N1c3 a6 8.Nd4 Nxd4
9.Qxd4 Qc7 10.Be2 Be7 11.O-O O-O 12.Be3 Bd7 13.Rac1 Rac8 14.Rfd1 Qa5 15.a3 Bc6
16.b4 Qd8 17.b5 Bd7 18.Qa7 axb5 19.cxb5 Ra8 20.Qxb7 Rxa3 21.Qb6 Qa8 22.Qd4 Bc8
23.f3 Nd7 24.Qd2 Bb7 25.Nb1 Ra2 26.Rc2 Rxc2 27.Qxc2 Rc8 28.Qb2 d5 29.exd5 Bxd5
30.Nc3 Bf6 31.Bd4 Bxd4+ 32.Rxd4 Nf6 33.Rd1 Qb8 34.Nxd5 Nxd5 35.Bd3 g6 36.Rb1 Nb6
37.Qf2 Rd8 38.Bf1 Qd6 39.Rc1 Rc8 40.Ra1 Qe5  1/2-1/2

[Event "Knjaz Milos Jezero Open"]
[Site "Belgrade SCG"]
[Date "2004.08.25"]
[Round "9"]
[White "Sredojevic,I"]
[Black "Andrijevic,M"]
[Result "1/2-1/2"]
[WhiteElo "2331"]
[BlackElo "2383"]

1.e4 c5 2.Nf3 Nc6 3.d4 cxd4 4.Nxd4 e6 5.Nb5 d6 6.Bf4 e5 7.Be3 a6 8.N5c3 Nf6
9.Bg5 Be7 10.Bxf6 Bxf6 11.Nd5 Bg5 12.c3 O-O 13.Na3 b5 14.Nc2 Rb8 15.Be2 Ne7
16.Ncb4 Bb7 17.Nxe7+ Bxe7 18.Nd5 Bxd5 19.Qxd5 Qb6 20.O-O Rfc8 21.a3 Qc5 22.Qb3 a5
23.Rfd1 b4 24.Rd5 Qc7 25.cxb4 axb4 26.axb4 Qc2 27.Qxc2 Rxc2 28.Bd3 Rxb2 29.b5 Ra8
30.Rb1 Raa2 31.Rxb2 Rxb2 32.Kf1 Kf8 33.Bc4 Rb4 34.Bd3 Ke8 35.Ke1 Kd7 36.Bc2 Bd8
37.Rd1 Ba5 38.Ke2 Kc7 39.Rb1 Rc4 40.Bd3 Rc3 41.Rb2 Kb6 42.Rc2 Rxc2+ 43.Bxc2 Kxb5
44.Bb3 f5 45.f3 f4  1/2-1/2

[Event "4th Botvinnik Mem"]
[Site "Satka RUS"]
[Date "2004.09.04"]
[Round "9"]
[White "Shabanov,Y"]
[Black "Shestoperov,A"]
[Result "1/2-1/2"]
[WhiteElo "2429"]
[BlackElo "2448"]

1.e4 c5 2.Nf3 e6 3.d4 cxd4 4.Nxd4 Nc6 5.Nb5 d6 6.c4 Nf6 7.N1c3 a6 8.Na3 b6
9.Be2 Be7 10.O-O Bb7 11.Be3 Ne5 12.f3 O-O 13.Qd2 d5 14.exd5 exd5 15.cxd5 Bxd5
16.f4 Nc6 17.Rad1 Nb4 18.Nxd5 Nfxd5 19.Bd4 Qc7 20.Be5 Qc5+ 21.Bd4 Qc7 22.Be5 Qc5+
23.Bd4  1/2-1/2

[Event "3rd Autumn"]
[Site "Alushta UKR"]
[Date "2004.09.10"]
[Round "1"]
[White "Vokarev,S"]
[Black "Hasangatin,R"]
[Result "1-0"]
[WhiteElo "2529"]
[BlackElo "2485"]

1.e4 c5 2.Nf3 e6 3.d4 cxd4 4.Nxd4 Nc6 5.Nb5 Nf6 6.N1c3 Bb4 7.a3 Bxc3+ 8.Nxc3 d5
9.exd5 exd5 10.Bd3 O-O 11.O-O d4 12.Ne2 Bg4 13.Bg5 Qd6 14.Re1 Rfe8 15.Bh4 Bh5
16.Bg3 Qd7 17.f3 Bg6 18.Bf2 Rad8 19.Qd2 a6 20.Rad1 Qd6 21.Bxg6 hxg6 22.Nxd4  1-0

[Event "Tch-FIN 2004-5"]
[Site "Finland FIN"]
[Date "2004.09.19"]
[Round "2"]
[White "Kokkila,T"]
[Black "Haapasalo,JP"]
[Result "1/2-1/2"]
[WhiteElo "2296"]
[BlackElo "2187"]

1.e4 c5 2.Nf3 e6 3.d4 cxd4 4.Nxd4 Nc6 5.Nb5 d6 6.c4 Nf6 7.N5c3 b6 8.Be2 Bb7
9.f4 d5 10.cxd5 exd5 11.exd5 Nb8 12.O-O Bc5+ 13.Kh1 O-O 14.Bf3 Re8 15.Nd2 Nbd7
16.Nb3 Ba6 17.Re1 Rxe1+ 18.Qxe1 Qf8 19.Bd2 Re8 20.Qg3 Be3 21.Bxe3 Rxe3 22.Qf2 Re8
23.Rd1 Qd6 24.Qd4 h5 25.g3 Bb7 26.Kg2 Ng4 27.Ne4 Qb8 28.h3 f5 29.hxg4 hxg4
30.Bxg4 fxg4 31.Nbd2 Qa8 32.Nf1 Ba6 33.Rd2 Re7 34.Nf2 Nf6 35.Ne3 Qe8 36.Nfxg4 Nxg4
37.Nxg4 Re1 38.d6 Bb7+ 39.Kf2 Qc6 40.Kxe1 Qh1+ 41.Kf2 Qf3+  1/2-1/2

[Event "1st Central League"]
[Site "Vrnjacka Banja SCG"]
[Date "2004.09.26"]
[Round "3"]
[White "Lupulescu,C"]
[Black "Tosic,M"]
[Result "1/2-1/2"]
[WhiteElo "2555"]
[BlackElo "2481"]

1.e4 c5 2.Nf3 e6 3.d4 cxd4 4.Nxd4 Nc6 5.Nb5 d6 6.c4 Nf6 7.N1c3 a6 8.Na3 b6
9.Be3 Ne5 10.Be2 Bb7 11.f3 Ned7 12.O-O Be7 13.Qd2 O-O 14.Rfd1 Qc7 15.Rac1 Rfe8
16.Bf1 Rac8 17.Kh1 Qb8 18.Qf2 Ba8 19.Qg1 h6 20.Nab1 Ne5 21.Nd2  1/2-1/2

[Event "79th ch-ARG"]
[Site "Buenos Aires ARG"]
[Date "2004.09.27"]
[Round "5"]
[White "Semprevivo,M"]
[Black "Needleman,G"]
[Result "1/2-1/2"]
[WhiteElo "2087"]
[BlackElo "2224"]

1.e4 c5 2.Nf3 e6 3.d4 cxd4 4.Nxd4 Nc6 5.Nb5 d6 6.Bf4 e5 7.Be3 Nf6 8.N1c3 a6
9.Na3 b5 10.Nd5 Rb8 11.f3 Nxd5 12.exd5 Qh4+ 13.g3 Qb4+ 14.Kf2 Qxb2 15.Nxb5 axb5
16.Rb1 Qxa2 17.dxc6 b4 18.Ra1 Qe6 19.Ba7 Ra8 20.Bb5 d5 21.Be3 Rxa1 22.c7+ Ke7
23.Qxa1 Kf6 24.Qa7 d4 25.Bd2 Qd5 26.Qb6+ Qd6 27.Qb8 Be7 28.Rb1 g5 29.Bxb4 Qe6
30.Bxe7+ Kxe7 31.Bd3 g4 32.f4 f6 33.Re1 Re8 34.fxe5 fxe5 35.Qb4+ Kf6 36.Qd2 Kg7
37.Qg5+ Kh8 38.Kg1 Bb7 39.Qh4 Qd7 40.Qf6+ Qg7 41.Qb6 Bc8 42.Qd6 Qe7 43.Qc6 Kg7
44.Qe4 Kh8 45.Qc6 Kg7 46.Qe4  1/2-1/2

[Event "TCh-Vojvodina"]
[Site "Sombor SCG"]
[Date "2004.09.29"]
[Round "7"]
[White "Levnajic,P"]
[Black "Tesic,D"]
[Result "1-0"]
[WhiteElo "2255"]
[BlackElo "2375"]

1.e4 c5 2.Nf3 e6 3.d4 cxd4 4.Nxd4 Nc6 5.Nb5 d6 6.c4 Nf6 7.N5c3 Be7 8.Be2 O-O
9.O-O b6 10.Na3 Bb7 11.Be3 a6 12.f3 Ne5 13.Rc1 Ned7 14.Qe1 Re8 15.Qf2 d5
16.cxd5 exd5 17.e5 Bxa3 18.bxa3 Rxe5 19.Bd4 Re6 20.Bd3 Rc6 21.Qh4 h6 22.Rfe1 Nc5
23.Bb1 Rac8 24.Rcd1 Re6 25.Ne2 Ne8 26.Qg4 Nf6 27.Qf5 Ncd7 28.Nf4 Rxe1+ 29.Rxe1 Nf8
30.Bd3 Rc6 31.Qh3 Bc8 32.Qh4 Qc7 33.Be5 Qe7 34.Nh5  1-0

[Event "Tch-FIN 2004-5"]
[Site "Finland FIN"]
[Date "2004.10.09"]
[Round "3"]
[White "Kokkila,T"]
[Black "Ristoja,J"]
[Result "0-1"]
[WhiteElo "2296"]
[BlackElo "2341"]

1.e4 c5 2.Nf3 e6 3.d4 cxd4 4.Nxd4 Nc6 5.Nb5 d6 6.c4 a6 7.N5c3 Nf6 8.Be2 Be7
9.f4 Qb6 10.Na3 O-O 11.Nc2 d5 12.cxd5 exd5 13.exd5 Nb4 14.Ne3 Bc5 15.a3 Bxe3
16.axb4 Bg1 17.Kd2 Be3+ 18.Kc2 Rd8 19.Qd3 Bxc1 20.Kxc1 Be6 21.Bf3 Rac8 22.Kb1 g6
23.g4 Nxg4 24.Re1 Bf5 25.Ne4 Nf2 26.Qe3 Qxe3 27.Rxe3 Rc4  0-1

[Event "19th Open"]
[Site "Le Touquet FRA"]
[Date "2004.10.25"]
[Round "1"]
[White "Korneev,O"]
[Black "Soulas,G"]
[Result "1-0"]
[WhiteElo "2583"]
[BlackElo "2170"]

1.e4 c5 2.Nf3 Nc6 3.d4 cxd4 4.Nxd4 e6 5.Nb5 d6 6.Bf4 e5 7.Be3 Be7 8.Nd2 a6
9.Nc3 Be6 10.Nc4 b5 11.Nb6 Rb8 12.Nbd5 Nf6 13.Be2 O-O 14.O-O Bxd5 15.exd5 Na5
16.a4 b4 17.Na2 Qc8 18.Qd3 b3 19.cxb3 Nxb3 20.Rad1 Nd7 21.Qxa6 Qc2 22.Bb5 Ndc5
23.Bxc5 Nxc5 24.Qa7 Rb7 25.Qa5 Qxb2 26.Rd2 Qb3 27.Qc3 Qxc3 28.Nxc3 Nb3 29.Ra2 Nd4
30.Bc6 Rb6 31.a5 Rb3 32.Na4 Nxc6 33.dxc6 Rc8 34.a6 Rxc6 35.Nb6 Rcxb6 36.a7 Rb8
37.a8=Q Rxa8 38.Rxa8+ Bf8 39.Rc1 g6 40.h3 Kg7 41.Rcc8 Be7 42.Rc7 Bg5 43.Raa7 Kf6
44.Rxf7+ Ke6 45.Rxh7 Rb1+ 46.Kh2 Rb2 47.Kg3 Bf4+ 48.Kf3 Rb3+ 49.Kg4 Rb4 50.Rab7 Rd4
51.g3 Bc1+ 52.Kf3 Rd3+ 53.Kg2 Ba3 54.Rhg7 Kf6 55.Rbf7+ Ke6 56.Rf8 Bc5 57.Rxg6+ Kd5
58.h4  1-0

[Event "TCh-SWE Elitserien 2004-5"]
[Site "Skara SWE"]
[Date "2004.11.07"]
[Round "3"]
[White "Tallinger,T"]
[Black "Dzevlan,M"]
[Result "1/2-1/2"]
[WhiteElo "2080"]
[BlackElo "2382"]

1.e4 c5 2.Nf3 e6 3.d4 cxd4 4.Nxd4 Nc6 5.Nb5 d6 6.c4 Nf6 7.N1c3 a6 8.Na3 Be7
9.Be2 O-O 10.Be3 b6 11.O-O Qc7 12.Rc1 Ne5 13.f4 Ned7 14.Bf3 Bb7 15.Qe2 Rac8
16.g4 h6 17.h4 Nh7 18.g5 hxg5 19.hxg5 g6 20.Qg2 Qd8 21.Bg4 Re8 22.Qh3 Ndf8
23.Rc2 b5 24.cxb5 axb5 25.Naxb5 Bxe4 26.Rh2 Bd3 27.Rd1 Bxb5 28.Nxb5 Qa5 29.Nd4 Bd8
30.a3 Bb6 31.Rhd2 Rb8 32.Nc6 Bxe3+ 33.Qxe3 Qb6 34.Qxb6 Rxb6 35.Rxd6 Rxb2
36.Rd8 Rxd8 37.Rxd8 Rc2 38.Ne5 Rc5 39.Nd3 Rc3 40.a4 Ra3 41.Rd4 f6 42.gxf6 Kf7
43.Bf3 Kxf6 44.Bc6 g5 45.Bb5 Ra2 46.Nb4 Ra1+ 47.Kf2 Ng6 48.fxg5+ Nxg5 49.Nc6 Ne7
50.Nxe7 Kxe7 51.Rd7+ Kf6 52.Ke3 Ke5 53.Kd3  1/2-1/2

[Event "Open"]
[Site "Calcutta IND"]
[Date "2004.11.09"]
[Round "2"]
[White "Chatterjee,S"]
[Black "Romanishin,O"]
[Result "0-1"]
[WhiteElo "1974"]
[BlackElo "2543"]

1.e4 c5 2.Nf3 e6 3.d4 cxd4 4.Nxd4 Nc6 5.Nb5 d6 6.c4 Nf6 7.N1c3 a6 8.Na3 Be7
9.Be2 O-O 10.O-O b6 11.Be3 Bb7 12.Rc1 Re8 13.Qb3 Nd7 14.Rfd1 Rc8 15.Qc2 Nce5
16.Qb1 Qc7 17.f4 Ng6 18.Bf3 Nh4 19.Be2 Qb8 20.g3 Ng6 21.Bf1 Nf6 22.h3 Bc6
23.b4 Ba8 24.Bg2 Rc7 25.Qb2 Rec8 26.Kh2 Nf8 27.g4 h6 28.Rf1 N6d7 29.Rg1 Ng6
30.Bf1 Bb7 31.Qf2 b5 32.Naxb5 axb5 33.Nxb5 Bxe4 34.Nxc7 Rxc7 35.b5 Nc5 36.Ra1 Ra7
37.Be2 Bf6 38.Bd4 Bxd4 39.Qxd4 Nxf4  0-1

[Event "Tch-FIN 2004-5"]
[Site "Finland FIN"]
[Date "2004.11.13"]
[Round "4"]
[White "Kokkila,T"]
[Black "Nevanlinna,R"]
[Result "1-0"]
[WhiteElo "2296"]
[BlackElo "2316"]

1.e4 c5 2.Nf3 e6 3.d4 cxd4 4.Nxd4 Nc6 5.Nb5 d6 6.Bf4 e5 7.Be3 a6 8.N5c3 Nf6
9.Bg5 Be6 10.Nd2 Rc8 11.Bxf6 Qxf6 12.Nc4 Nd4 13.Ne3 Qg6 14.Bd3 Be7 15.h4 h5
16.Ncd5 Bg4 17.Nxg4 Qxg4 18.Qxg4 hxg4 19.c3 Ne6 20.g3 Bg5 21.Be2 Bh6 22.Bxg4 Rc6
23.O-O Nc7 24.Nb4 Rc4 25.Rfe1 d5 26.Bf3 d4 27.Be2 Rxb4 28.cxb4 Bd2 29.Red1 Bxb4
30.Rac1 Bd6 31.Kg2 Ke7 32.Rc2 Rd8 33.Rdc1 Ne6 34.a3 a5 35.Bc4 Nc5 36.Bd5 b6
37.Rd1 g6 38.g4 f6 39.Rh1 Nd3 40.Kf3 Nf4 41.Rc6 f5 42.gxf5 gxf5 43.Bc4 fxe4+
44.Kxe4 Nh5 45.Rxb6 Nf6+ 46.Kf5 Rf8 47.Rb7+ Nd7+ 48.Ke4 Kd8 49.Kd5 Bc7 50.h5 Nf6+
51.Kc6 Ne8 52.h6 Rf6+ 53.Kd5 Kc8 54.Rxc7+  1-0

[Event "Acropolis IM Open"]
[Site "Athens GRE"]
[Date "2004.11.18"]
[Round "3"]
[White "Parligras,M"]
[Black "Gershon,A"]
[Result "1/2-1/2"]
[WhiteElo "2559"]
[BlackElo "2524"]

1.e4 c5 2.Nf3 e6 3.d4 cxd4 4.Nxd4 Nc6 5.Nb5 d6 6.c4 Nf6 7.N1c3 a6 8.Na3 Be7
9.Be2 O-O 10.O-O b6 11.Be3 Bb7 12.Rc1 Nb8 13.f3 Nbd7 14.Qd2 Rc8 15.Rfd1 Qc7
16.Bf1 Qb8 17.Qf2 Bd8 18.Kh1 Bc7 19.Qg1 Kh8 20.Nab1 Rg8 21.Nd2 g5 22.Bd3 Nh5
23.Ne2 Ne5 24.Bb1 Ba8 25.b4 Rg6 26.c5 dxc5 27.bxc5 b5 28.Bd4 f6 29.Rc3 Rcg8
30.h3 Bc6 31.a3 b4 32.Re3 Ba4 33.Rc1 Nc6 34.Ba1 Bf4 35.e5 Bxe3 36.Qxe3 f5
37.Nc4 Bb5 38.axb4 Bxc4 39.Rxc4 Qb5 40.Bd3 Nf4 41.Rxf4 gxf4 42.Nxf4 Qa4 43.Nxg6+ Rxg6
44.Bc3 Nxb4 45.Bxb4 Qxb4 46.Bxa6 f4 47.Qc1 Rg7 48.c6 Rc7 49.Bd3 Qd4 50.Be4 Qxe5
51.Kh2 Ra7 52.Qd2 Qg5 53.Qb2+ Rg7 54.c7 Qg3+  1/2-1/2

[Event "17th Belgrade Trophy"]
[Site "Obrenovac SCG"]
[Date "2004.11.28"]
[Round "7"]
[White "Radovanovic,D"]
[Black "Lapcevic,M"]
[Result "1-0"]
[WhiteElo "2370"]
[BlackElo "2212"]

1.e4 c5 2.Nf3 e6 3.d4 cxd4 4.Nxd4 Nc6 5.Nb5 d6 6.c4 Nf6 7.N1c3 a6 8.Na3 Be7
9.Be3 Qc7 10.Rc1 Ne5 11.Be2 O-O 12.f4 Ned7 13.Bf3 Rb8 14.g4 b6 15.g5 Ne8
16.O-O Bb7 17.f5 Ne5 18.Bg2 Bd8 19.Qh5 g6 20.Qh3 Ng7 21.f6 Nh5 22.Ne2 Kh8
23.Nf4 Nxf4 24.Rxf4 h5 25.Rh4 Kg8 26.Rxh5 gxh5 27.Qxh5 Nd7 28.Rf1  1-0

[Event "XXI WJun Women"]
[Site "Kochin IND"]
[Date "2004.11.29"]
[Round "12"]
[White "Sandhya,N"]
[Black "Kavitha,J"]
[Result "0-1"]
[WhiteElo "2113"]
[BlackElo "2088"]

1.e4 c5 2.Nf3 e6 3.d4 cxd4 4.Nxd4 Nc6 5.Nb5 d6 6.c4 Nf6 7.N1c3 a6 8.Na3 Be7
9.Be2 O-O 10.O-O b6 11.f4 Bb7 12.Bf3 Nd7 13.Be3 Qc7 14.Rc1 Bf6 15.Qd2 Nc5
16.Rfd1 Rfd8 17.g4 Nb4 18.Ncb5 axb5 19.Qxb4 Ra4 20.Qd2 Nxe4 21.Bxe4 Bxe4
22.g5 Be7 23.Nxb5 Qb7 24.b3 Raa8 25.Qf2 Rab8 26.Nc3 Bc6 27.Ne2 d5 28.cxd5 Bxd5
29.Bd4 Be4 30.Ng3 Bg6 31.h4 Ba3 32.Ra1 Rd7 33.h5 Bxh5 34.Nxh5 Rbd8 35.Ng3 Rxd4
36.Rxd4 Rxd4 37.Ne2 Rd2 38.Qf1 Bc5+ 39.Kh2 Qe4 40.Re1 Rxa2 41.Kg3 Rc2 42.Qf3 Qxf3+
43.Kxf3 Rb2 44.Nc1 Rb1  0-1

[Event "HSK IM"]
[Site "Hamburg GER"]
[Date "2005.01.04"]
[Round "5"]
[White "Lindinger,M"]
[Black "Stanke,J"]
[Result "1/2-1/2"]
[WhiteElo "2277"]
[BlackElo "2318"]


1.e4 c5 2.Nf3 e6 3.d4 cxd4 4.Nxd4 Nc6 5.Nb5 d6 6.Bf4 e5 7.Be3 Be6 8.c4 Be7
9.N1c3 a6 10.Na3 Bg5 11.Nc2 Bxe3 12.Nxe3 Nf6 13.Bd3 O-O 14.O-O Rc8 15.Qd2 Nh5
16.Rfd1 Nf4 17.Bf1 Nd4 18.Kh1 Qh4 19.f3 Rfe8 20.b3 Qh5 21.Qf2 g5 22.g3 Nh3
23.Bxh3 Qxh3 24.Ned5 Qh6 25.Rxd4 exd4 26.Qxd4 Bxd5 27.Nxd5 Qg7 28.Nf6+ Kh8
29.Qxd6 Re6 30.Qd7 Qxf6 31.Qxc8+ Kg7 32.Rf1 Rxe4 33.Rf2 Re3 34.Kg2 b6  1/2-1/2

[Event "XXX Open"]
[Site "Seville ESP"]
[Date "2005.01.09"]
[Round "3"]
[White "Durao,J"]
[Black "Bellon Lopez,JuM"]
[Result "0-1"]
[WhiteElo "2127"]
[BlackElo "2425"]

1.e4 c5 2.Nf3 e6 3.d4 cxd4 4.Nxd4 Nc6 5.Nb5 Nf6 6.N1c3 Bc5 7.Nd6+ Bxd6 8.Qxd6 Qe7
9.Bf4 a6 10.O-O-O b5 11.f3 h6 12.Qd2 e5 13.Be3 Bb7 14.Nd5 Nxd5 15.exd5 Nb8
16.g4 d6 17.Bd3 Nd7 18.Be4 Rc8 19.f4 O-O 20.Bf5 Rc4 21.b3 Rc7 22.fxe5 Qxe5
23.Kb1 Rd8 24.Rhe1 Qf6 25.Bd4 Qh4 26.Qg2 Rb8  0-1

[Event "XXX Open"]
[Site "Seville ESP"]
[Date "2005.01.09"]
[Round "3"]
[White "Durao,J"]
[Black "Bellon Lopez,JuM"]
[Result "0-1"]
[WhiteElo "2127"]
[BlackElo "2425"]

1.e4 c5 2.Nf3 e6 3.d4 cxd4 4.Nxd4 Nc6 5.Nb5 Nf6 6.N1c3 Bc5 7.Nd6+ Bxd6 8.Qxd6 Qe7
9.Bf4 a6 10.O-O-O b5 11.f3 h6 12.Qd2 e5 13.Be3 Bb7 14.Nd5 Nxd5 15.exd5 Nb8
16.g4 d6 17.Bd3 Nd7 18.Be4 Rc8 19.f4 O-O 20.Bf5 Rc4 21.b3 Rc7 22.fxe5 Qxe5
23.Kb1 Rd8 24.Rhe1 Qf6 25.Bd4 Qh4 26.Qg2 Rb8 27.Re3 Nf8 28.Rde1 a5 29.Bb6 Bxd5
30.Qxd5 Rxb6 31.Re8 Ra6 32.Qxb5 Ra8 33.R1e2  0-1

[Event "XXX Open"]
[Site "Seville ESP"]
[Date "2005.01.14"]
[Round "8"]
[White "Barrientos,S"]
[Black "Paunovic,D"]
[Result "1-0"]
[WhiteElo "2435"]
[BlackElo "2520"]

1.e4 c5 2.Nf3 e6 3.d4 cxd4 4.Nxd4 Nc6 5.Nb5 d6 6.Bf4 e5 7.Be3 a6 8.N5c3 Nf6
9.Na3 Be7 10.Nd5 Nxd5 11.exd5 Nd4 12.Bd3 O-O 13.O-O Nf5 14.Bd2 g6 15.Nc4 Rb8
16.a4 Bd7 17.Ba5 b6 18.Bd2 Re8 19.a5 b5 20.Nb6 Bf6 21.Be4 Ne7 22.Bc3 Bg7
23.f4 Bf5 24.Bxf5 Nxf5 25.Qd2 e4 26.Bxg7 Kxg7 27.c4 bxc4 28.Qc3+ Kg8 29.Rfe1 Qc7
30.Ra4 Rxb6 31.Rxc4 Qa7 32.axb6 Qxb6+ 33.Kf1 Qb5 34.g3 Nh6 35.Kf2 f5 36.Rc7  1-0

[Event "Open"]
[Site "Prague CZE"]
[Date "2005.01.18"]
[Round "6"]
[White "Virostko,P"]
[Black "Zakhartsov,V"]
[Result "1/2-1/2"]
[WhiteElo "2319"]
[BlackElo "2529"]

1.e4 c5 2.Nf3 e6 3.d4 cxd4 4.Nxd4 Nc6 5.Nb5 d6 6.c4 Nf6 7.N1c3 a6 8.Na3 b6
9.Be3 Bb7 10.Be2 Be7 11.O-O Ne5 12.f3 O-O 13.Qd2 Rc8 14.Rfd1 Qc7 15.Rac1 Rfe8
16.Kh1 Ned7 17.Bf1 Qb8 18.Qf2 Bd8 19.b4 Bc7 20.Qg1 d5 21.cxd5 exd5 22.Nxd5 Nxd5
23.exd5 b5 24.Ba7 Bxh2 25.Bxb8 Bxg1 26.Kxg1 Rxc1 27.Rxc1 Nxb8 28.d6 Rd8 29.Rc7 Bd5
30.Nb1 Bxa2 31.Nc3 Be6 32.Ne4 Bd5 33.Nc5 g6 34.Bd3 Kg7 35.d7 Kf6 36.Ra7 Bc6
37.Be4 Bxd7 38.Ra8 Ke7 39.Ra7 Kf6 40.Ra8 Be6 41.Nxa6 Rd1+ 42.Kf2 Nxa6 43.Rxa6 Rd2+
44.Kg3 Ke7 45.Bc6 Bc4 46.Ra5 Bf1 47.Bxb5 Rxg2+ 48.Kh3 Rf2+ 49.Kg3 Rg2+ 50.Kh3  1/2-1/2

[Event "XII TCh-RUS 1st League"]
[Site "Smolensk RUS"]
[Date "2005.02.04"]
[Round "3"]
[White "Aleshin,O"]
[Black "Klimov,S"]
[Result "0-1"]
[WhiteElo "2423"]
[BlackElo "2509"]

1.e4 c5 2.Nf3 e6 3.d4 cxd4 4.Nxd4 Nc6 5.Nb5 d6 6.c4 Nf6 7.N1c3 a6 8.Na3 Be7
9.Be2 b6 10.O-O Bb7 11.Be3 Ne5 12.f3 O-O 13.Qd2 Rc8 14.Rac1 Qc7 15.Rfd1 Rfe8
16.Kh1 Bf8 17.Bf1 Ned7 18.Qf2 Be7 19.Qg1 Kh8 20.b4 Qb8 21.Na4 d5 22.cxd5 Rxc1
23.Rxc1 exd5 24.Nxb6 dxe4 25.Nxd7 Nxd7 26.fxe4 Bxb4 27.Nc2 Bd6 28.Nd4 Qa8
29.Nf5 Be5 30.Rd1 Nf6 31.Nd6 Bxd6 32.Rxd6 Nxe4 33.Rd7 f6 34.Bf4 Nc3 35.Qf2 Nd5
36.Qg3 Re7 37.Rxe7 Nxe7 38.h3 Qc8 39.Qa3 Ng6 40.Bd6 Ne5 41.Kh2 h6 42.Qa5 Qf5
43.Qe1 Qf4+ 44.Kh1 Qd4 45.Bb8 Qd5 46.Qf2 a5 47.Ba7 Bc6 48.Bc5 Qd7 49.Kg1 Bb5
50.Bxb5 Qxb5 51.Qd4 Qb1+ 52.Kh2 Qxa2 53.Qd8+ Kh7 54.Bb6 a4 55.Ba7 Qa1 56.Qe7 Ng6
57.Qd7 a3  0-1

[Event "Acropolis Women's GM Open"]
[Site "Athens GRE"]
[Date "2005.03.08"]
[Round "3"]
[White "Makropoulou,M"]
[Black "Botsari,A"]
[Result "1/2-1/2"]
[WhiteElo "2237"]
[BlackElo "2307"]

1.e4 c5 2.Nf3 e6 3.d4 cxd4 4.Nxd4 Nc6 5.Nb5 d6 6.c4 Nf6 7.N1c3 a6 8.Na3 b6
9.Be2 Bb7 10.O-O Nb8 11.f3 Be7 12.Be3 Nbd7 13.Rc1 Rc8 14.Kh1 O-O 15.Qd2 Qc7
16.Rfd1  1/2-1/2

[Event "TCh-SWE Elitserien 2004-5"]
[Site "Malmo SWE"]
[Date "2005.03.11"]
[Round "9"]
[White "Couso,L"]
[Black "Hamark,J"]
[Result "1/2-1/2"]
[WhiteElo "2339"]
[BlackElo "2222"]

1.e4 c5 2.Nf3 e6 3.d4 cxd4 4.Nxd4 Nc6 5.Nb5 d6 6.c4 Nf6 7.N1c3 a6 8.Na3 Be7
9.Be2 O-O 10.O-O b6 11.Be3 Ne5 12.f3 Ned7 13.Qd2 Qc7 14.Rfd1 Bb7 15.Rac1 Rac8
16.Nab1 Qb8 17.Kh1 Rfd8 18.Qe1 Bc6 19.Qf1 Bf8 20.b4 Ba8 21.a3 Re8 22.Qf2 Be7
23.Nd2 Bd8 24.Nb3 Bc7 25.Qg1 Rcd8 26.Nd4 Ne5 27.Bg5 Kh8 28.f4 Ned7 29.Bf3 h6
30.Bh4 Rc8 31.f5 Bd8 32.fxe6 fxe6 33.Qf1 Ne5 34.Bxf6 Bxf6 35.Na4 b5 36.Nb2 Qa7
37.Bh5 Bxe4 38.Bxe8 Rxe8 39.c5 dxc5 40.Rxc5 Qb8 41.Qe2 Bd5 42.Nd3 Nd7 43.Nc6 Qa8
44.Rxd5 exd5 45.Qh5 Re3 46.Qxd5 Nb6 47.Qc5 Nc4 48.a4 Qe8 49.axb5 axb5 50.h3 Bh4
51.Rf1 Qe4  1/2-1/2

[Event "Sozina Open"]
[Site "Bar SCG"]
[Date "2005.03.12"]
[Round "9"]
[White "Lupulescu,C"]
[Black "Vratonjic,S"]
[Result "1-0"]
[WhiteElo "2552"]
[BlackElo "2449"]

1.e4 c5 2.Nf3 e6 3.d4 cxd4 4.Nxd4 Nc6 5.Nb5 d6 6.c4 Nf6 7.N1c3 a6 8.Na3 Be7
9.Be2 b6 10.Be3 Bb7 11.O-O O-O 12.f3 Ne5 13.Qd4 Ned7 14.Qd2 Qc7 15.Rac1 Rac8
16.Rfd1 Rfe8 17.Bf1 Qb8 18.Kh1 Ba8 19.Qf2 h6 20.Qg3 Kh8 21.Bg1 Ne5 22.Qf2 Nfd7
23.Qd4 Rf8 24.Nc2 Bc6 25.Qf2 Kh7 26.Ne3 Nf6 27.Qe1 Bd8 28.b3 Bc7 29.Nc2 Rfe8
30.Qd2 Rcd8 31.Qf2 Rg8 32.Qe1 g5 33.Nd4 Rg6 34.Qe3 Rdg8 35.Re1 h5 36.Nde2 R8g7
37.Na4 Nfd7 38.Nd4 Nf6 39.b4 g4 40.f4  1-0

[Event "ch-Privolzhsky Region"]
[Site "Ishevsk RUS"]
[Date "2005.03.19"]
[Round "4"]
[White "Kuporosov,V"]
[Black "Tunik,G"]
[Result "1/2-1/2"]
[WhiteElo "2472"]
[BlackElo "2477"]

1.e4 c5 2.Nf3 e6 3.d4 cxd4 4.Nxd4 Nc6 5.Nb5 d6 6.c4 Nf6 7.N5c3 a6 8.Na3 Be7
9.Be2 b6 10.O-O Bb7 11.Be3 Nb8 12.f3 Nbd7 13.Qd2 Qc7 14.Rfd1 O-O 15.Kh1 Rac8
16.Rac1 Qb8 17.Bf1  1/2-1/2

[Event "Spring Festival"]
[Site "Budapest HUN"]
[Date "2005.03.24"]
[Round "7"]
[White "Zhang Jilin"]
[Black "Nagy,Ben"]
[Result "1/2-1/2"]
[WhiteElo "2321"]
[BlackElo "2349"]

1.e4 c5 2.Nf3 e6 3.d4 cxd4 4.Nxd4 Nc6 5.Nb5 Nf6 6.N1c3 Bc5 7.Nd6+ Ke7 8.Bf4 e5
9.Nf5+ Kf8 10.Be3 Bb4 11.Bc4 d5 12.Bxd5 Nxd5 13.exd5 Bxf5 14.dxc6 Qxd1+ 15.Rxd1 bxc6
16.O-O Ke7 17.a3 Bd6 18.Rd2 Rhd8 19.Rfd1 Rd7 20.f3 Rad8 21.Ne4 Bxe4 22.fxe4 Ke6
23.Kf1 g6 24.g4 f6 25.b4 Bb8 26.Rxd7 Rxd7 27.Rxd7 Kxd7 28.c4 a6 29.a4 Bd6
30.b5 cxb5 31.cxb5 axb5 32.axb5 Bb4 33.Ke2 Kd6 34.Kd3 Bc5 35.Bh6 Bg1 36.Bf8+ Ke6
37.h3 f5 38.gxf5+ gxf5 39.exf5+ Kxf5 40.Bh6 e4+ 41.Ke2 Ke5 42.Be3 Bh2 43.Bf2 Kd5
44.Be3 Kc4 45.b6 Kb5 46.Bd4 Bf4  1/2-1/2

[Event "Belgrade Cup"]
[Site "Belgrade SCG"]
[Date "2005.04.05"]
[Round "1"]
[White "Srdic,D"]
[Black "Andrijevic,M"]
[Result "1-0"]
[WhiteElo "2230"]
[BlackElo "2411"]

1.e4 c5 2.Nf3 Nc6 3.d4 cxd4 4.Nxd4 e6 5.Nb5 d6 6.c4 Nf6 7.N1c3 a6 8.Nd4 Bd7
9.Be2 Be7 10.O-O Rc8 11.Nc2 O-O 12.a3 Ne5 13.Qd4 Qc7 14.Ne3 Ng6 15.Re1 Bc6
16.Bf1 Qb8 17.b4 b5 18.cxb5 axb5 19.Bb2 e5 20.Qd3 Nf4 21.Qd1 Rfd8 22.g3 Ne6
23.Ned5 Bxd5 24.Nxd5 Nxd5 25.exd5 Nf8 26.Qb3 Qb7 27.Bh3 Rc7 28.Rac1 Bg5 29.Rxc7 Qxc7
30.Bf1 Rb8 31.Re2 Qd7 32.Rc2 Ng6 33.Rc6 Bd8 34.Qd3 Ne7 35.Rc1 Bb6 36.Rc2 Ba7
37.Rd2 h5 38.Rc2 g6 39.Rd2 h4 40.Rc2 hxg3 41.hxg3 Qb7 42.Bg2 Kg7 43.Bxe5+ dxe5
44.d6 Qd7 45.Rc7 Qf5 46.Qxf5 Nxf5 47.d7 Bxf2+ 48.Kxf2 Rd8 49.a4 bxa4 50.b5 a3  1-0

[Event "FSIM April"]
[Site "Budapest HUN"]
[Date "2005.04.06"]
[Round "5"]
[White "Katsuhara,O"]
[Black "Fodor,I2"]
[Result "1/2-1/2"]
[WhiteElo "2106"]
[BlackElo "2150"]

1.e4 c5 2.Nf3 e6 3.d4 cxd4 4.Nxd4 Nc6 5.Nb5 d6 6.c4 Nf6 7.N1c3 a6 8.Nd4 Be7
9.Be2 O-O 10.O-O Bd7 11.Be3 Nxd4 12.Qxd4 Qb8 13.a4 Bc6 14.f3 Nd7 15.b4 b6
16.Rfd1 Rd8 17.Qd2 Nf6 18.b5 axb5 19.axb5 Rxa1 20.Rxa1 Ba8 21.Ra6 Nd7 22.Qa2 Nc5
23.Ra7 Bf6 24.Ra3 h6 25.Qd2 Qc7 26.Bf1 Qe7 27.Qa2 Bb7 28.Bf2 Be5 29.Na4 Qc7
30.h3 Nxa4 31.Rxa4 d5 32.cxd5 exd5 33.exd5 Bxd5 34.Qa3 Bd6 35.Ra7 Qc2 36.Qa4 Bh2+
37.Kxh2 Qxf2 38.Qd1 Qc5 39.Qe1 Be6 40.Qe4 Qd6+ 41.Kg1 Qc5+ 42.Kh2 Qd6+ 43.Kg1 Qc5+
44.Kh2 Qd6+  1/2-1/2

[Event "ch-RUS u18"]
[Site "Nojabrsk RUS"]
[Date "2005.04.08"]
[Round "3"]
[White "Lovkov,R"]
[Black "Vitiugov,N"]
[Result "1/2-1/2"]
[WhiteElo "2351"]
[BlackElo "2482"]

1.e4 c5 2.Nf3 e6 3.d4 cxd4 4.Nxd4 Nc6 5.Nb5 d6 6.c4 Nf6 7.N1c3 a6 8.Na3 b6
9.Nc2 Bb7 10.Be2 Ne5 11.f3 Rc8 12.Ne3 Be7 13.O-O O-O 14.Qd2 Qc7 15.Kh1 Rfd8
16.Rd1 Ng6 17.Bf1 h5 18.Qf2 h4 19.Bd2 Qb8 20.Rab1 d5 21.cxd5 exd5 22.Nexd5 Nxd5
23.Nxd5 Bxd5 24.exd5 Rxd5 25.Be3 Rxd1 26.Rxd1 b5 27.Bd3 Ne5 28.Be4 Rd8 29.Rxd8+ Qxd8
30.Qd2 Qc8 31.b3 Bf6 32.Qd5 Qe8 33.h3 g5 34.Qd6 Kg7 35.Qxa6 Qd7 36.Qb6 Qd1+  1/2-1/2